000 00605cam a2200229 4500
001 2268300
005 20180222080811.0
008 710914s1971 nyua b 001 0 eng
010 _a 78143221
040 _aDLC
_cDLC
_dDLC
041 _aeng
043 _an-us---
080 _a330.973092 MEL
082 0 0 _a330.973092 MEL
100 1 _a52
101 _aEKO
245 1 4 _aThe war economy of the United States;
350 _a$10.00
504 _aBibliography: p. 243-244.
906 _a7
_bcbc
_corignew
_d2
_encip
_f19
_gy-gencatlg
942 _2ddc
_cBK
999 _c43201
_d43201